<?xml version="1.0" encoding="UTF-8"?>
<record
    xmlns:xsi="http://www.w3.org/2001/XMLSchema-instance"
    xsi:schemaLocation="http://www.loc.gov/MARC21/slim http://www.loc.gov/standards/marcxml/schema/MARC21slim.xsd"
    xmlns="http://www.loc.gov/MARC21/slim">

  <leader>00439nam a2200169   4500</leader>
  <controlfield tag="003">SEACOMEC</controlfield>
  <controlfield tag="005">20240111153904.0</controlfield>
  <controlfield tag="008">240111b        |||||||| |||| 00| 0 eng d</controlfield>
  <datafield tag="020" ind1=" " ind2=" ">
    <subfield code="c">Rs.160.00</subfield>
  </datafield>
  <datafield tag="040" ind1=" " ind2=" ">
    <subfield code="a">SEACOMEC</subfield>
  </datafield>
  <datafield tag="082" ind1=" " ind2=" ">
    <subfield code="a">534</subfield>
    <subfield code="b">S474</subfield>
  </datafield>
  <datafield tag="100" ind1=" " ind2=" ">
    <subfield code="a">sen,S.N.</subfield>
  </datafield>
  <datafield tag="245" ind1="1" ind2=" ">
    <subfield code="a">Acoustics:waves and oscillations</subfield>
    <subfield code="c">S.N. Sen</subfield>
  </datafield>
  <datafield tag="260" ind1=" " ind2=" ">
    <subfield code="a">New Delhi</subfield>
    <subfield code="b">New Age</subfield>
    <subfield code="c">1999</subfield>
  </datafield>
  <datafield tag="650" ind1=" " ind2=" ">
    <subfield code="a">Natural sciences,Sound and related vibrations</subfield>
  </datafield>
  <datafield tag="942" ind1=" " ind2=" ">
    <subfield code="c">BOOK</subfield>
  </datafield>
  <datafield tag="952" ind1=" " ind2=" ">
    <subfield code="0">0</subfield>
    <subfield code="1">0</subfield>
    <subfield code="2">ddc</subfield>
    <subfield code="4">0</subfield>
    <subfield code="7">0</subfield>
    <subfield code="a">SEACOMEC</subfield>
    <subfield code="b">SEACOMEC</subfield>
    <subfield code="d">2006-06-04</subfield>
    <subfield code="l">0</subfield>
    <subfield code="o">534 S474</subfield>
    <subfield code="p">01542</subfield>
    <subfield code="r">2024-01-11 15:39:31</subfield>
    <subfield code="t">5</subfield>
    <subfield code="w">2024-01-11</subfield>
    <subfield code="y">BOOK</subfield>
  </datafield>
  <datafield tag="952" ind1=" " ind2=" ">
    <subfield code="0">0</subfield>
    <subfield code="1">0</subfield>
    <subfield code="2">ddc</subfield>
    <subfield code="4">0</subfield>
    <subfield code="7">0</subfield>
    <subfield code="a">SEACOMEC</subfield>
    <subfield code="b">SEACOMEC</subfield>
    <subfield code="d">2006-06-04</subfield>
    <subfield code="l">0</subfield>
    <subfield code="o">534 S474</subfield>
    <subfield code="p">01543</subfield>
    <subfield code="r">2024-01-11 15:39:31</subfield>
    <subfield code="t">6</subfield>
    <subfield code="w">2024-01-11</subfield>
    <subfield code="y">BOOK</subfield>
  </datafield>
  <datafield tag="952" ind1=" " ind2=" ">
    <subfield code="0">0</subfield>
    <subfield code="1">0</subfield>
    <subfield code="2">ddc</subfield>
    <subfield code="4">0</subfield>
    <subfield code="7">0</subfield>
    <subfield code="a">SEACOMEC</subfield>
    <subfield code="b">SEACOMEC</subfield>
    <subfield code="d">2006-06-04</subfield>
    <subfield code="l">0</subfield>
    <subfield code="o">534 S474</subfield>
    <subfield code="p">01544</subfield>
    <subfield code="r">2024-01-11 15:39:31</subfield>
    <subfield code="t">7</subfield>
    <subfield code="w">2024-01-11</subfield>
    <subfield code="y">BOOK</subfield>
  </datafield>
  <datafield tag="952" ind1=" " ind2=" ">
    <subfield code="0">0</subfield>
    <subfield code="1">0</subfield>
    <subfield code="2">ddc</subfield>
    <subfield code="4">0</subfield>
    <subfield code="7">0</subfield>
    <subfield code="a">SEACOMEC</subfield>
    <subfield code="b">SEACOMEC</subfield>
    <subfield code="d">2006-06-04</subfield>
    <subfield code="l">0</subfield>
    <subfield code="o">534 S474</subfield>
    <subfield code="p">01545</subfield>
    <subfield code="r">2024-01-11 15:39:31</subfield>
    <subfield code="t">8</subfield>
    <subfield code="w">2024-01-11</subfield>
    <subfield code="y">BOOK</subfield>
  </datafield>
  <datafield tag="952" ind1=" " ind2=" ">
    <subfield code="0">0</subfield>
    <subfield code="1">0</subfield>
    <subfield code="2">ddc</subfield>
    <subfield code="4">0</subfield>
    <subfield code="7">0</subfield>
    <subfield code="a">SEACOMEC</subfield>
    <subfield code="b">SEACOMEC</subfield>
    <subfield code="d">2006-06-04</subfield>
    <subfield code="l">0</subfield>
    <subfield code="o">534 S474</subfield>
    <subfield code="p">01546</subfield>
    <subfield code="r">2024-01-11 15:39:31</subfield>
    <subfield code="t">9</subfield>
    <subfield code="w">2024-01-11</subfield>
    <subfield code="y">BOOK</subfield>
  </datafield>
  <datafield tag="999" ind1=" " ind2=" ">
    <subfield code="c">459</subfield>
    <subfield code="d">459</subfield>
  </datafield>
</record>
